[Event "EU-ch 12th"]
[Site "Aix-les-Bains"]
[Date "2011.04.01"]
[Round "10"]
[White "Polgar, Judit"]
[Black "Iordachescu, Viorel"]
[Result "1-0"]
[WhiteElo "2686"]
[BlackElo "2626"]
[Annotator "Polgar,J"]
[PlyCount "107"]
[EventDate "2011.03.22"]
[EventType "swiss"]
[EventRounds "11"]
[EventCountry "FRA"]
[Source "ChessBase"]
[SourceDate "2011.05.17"]

1. e4 c6 2. d4 d5 {I had the feeling that my opponent would choose the
Caro-Kann but he also plays other moves like 1...e5 on move one.} 3. e5 {I
have surprised my opponent because it was clear to me it was not what he
expected. I have played during my career the Panov attack and 3.Nc3 also 3.f3
a few times.  The game move is one I have tried only once a long time ago in a
rapid game.} Bf5 4. Nd2 {I had prepared this line some time ago and this was
the time to test it in a practical game!} e6 5. Nb3 {This early Nd2-b3
manoeuvre came into fashion not long ago. Generally it is always nice to try
out new directions specially when there is not a lot of accumulated theory on
the line. The idea behind this manoeuvre is to stop Black from playing ...c5
quickly.} Nd7 6. Nf3 Bg6 7. Be2 {My opponent had 2 games on this line
previously which I found in my big database collection.} Nh6 {This move is the
most frequently played here. 8 other options have been tried out in tournament
practice. The most common other options are 7....Ne7 which may transpose later
on to the ...Nh6, 7...Rc8 was played by my opponent in 2010.} 8. O-O Nf5 9. c3
{I was getting  prepared for a possible early ...c5 later on.} Rc8 {It was
clear that my opponent is playing for ...c5 to open up the position. There was
a game Almasi against Medvegy where Black played ...c5 immediately which was
very similar to my game by the way. 9...Be7 is the main line.} (9... c5 10.
dxc5 Bxc5 11. Nxc5 Nxc5 12. Bb5+ Nd7 13. Bg5 Qc7 14. c4 a6 15. Bxd7+ Qxd7 16.
cxd5 exd5 17. Qd2 O-O 18. h3 h6 19. Bf4 Rfd8 20. Rad1 Ne7 21. Nd4 Nc6 22. e6 $1
fxe6 23. Rfe1 Nxd4 24. Qxd4 Rac8 25. b3 Rc2 26. Re3 {and White won in very
nice style, Almasi-Medvegy,Z Hungary 2008.}) 10. Bf4 {I could only find one
game with the Bf4 idea, which was played after ...Be7 instead of ...Rc8.
Clearly there will be many games more to come from strong players in the
future on this line too I believe.} c5 {I think this is too early, Black wants
to save time and bring the bishop out in one move from its initial square.
Black could play ...Be7 and castle next to play for ...f6 breaking up the
centre.} 11. dxc5 Bxc5 12. Nxc5 {It was obvious to take the bishop pair off
the board.} Nxc5 ({After} 12... Rxc5 {White is slightly better.} 13. h3 {for
example is an option to stop Black from playing ...Bh5, then I would develop
with my queen and bring the rook to d1.}) 13. Bb5+ Nd7 14. Bg5 Qc7 $6 (14...
Ne7 $5 {would avoid the big complications} 15. Nd4 a6 {is a must, losing some
time but...} (15... O-O {has concrete problems after} 16. Qa4 Nxe5 17. Qb4 {
taking advantage of the pin} Rc7 18. Bf4 {now another pin is causing trouble
for Black.}) 16. Bxd7+ Qxd7 17. Bxe7 Qxe7 {I think White has a pleasant game.})
15. c4 $1 {I was looking forward to playing this move when I played my
previous move Bg5.} a6 {This was the most logical reply.} (15... dxc4 {would
lose on the spot because of the immediate} 16. Rc1 {and Black is losing
material within a few moves.}) {I think 16.Bxd7+ was expected by the audience
even probably by my opponent, but I was very much in the mood for sacrificing.
I had won my previous 3 games. I had the self confidence to do so. After
calculating many lines I decided to go for the complications.} 16. cxd5 $3 axb5
17. Rc1 Qb8 {Pretty much forcing.} ({After} 17... Nc5 {both moves b4 and g4
are very good.}) 18. dxe6 fxe6 19. Qb3 {This is the critical position how
should Black defend the e6-pawn. Black has many options to choose from - Kf7,
Nf8, Bf7, Rc4 and I have checked 0-0 as well during the game, because it is
very important to know if the black king is forced to stay in the centre or
can escape and castle. These are the most difficult things to decide in a
practical game with lots of tension, to decide what is the best defence out of
the many possibilities.} Nf8 {This is the wrong decision.} (19... O-O $2 {
would be losing to} 20. Qxe6+ Rf7 21. Rxc8+ Qxc8 {and now my other rook is
coming into play on the c-file} 22. Rc1 Qf8 (22... Qb8 23. Qd5 {I have seen it
until this point during the game}) 23. Qb3 {and e6 comes very soon to decide
the game.}) (19... Rc4 {yes, ...Rc4 and ...Kf7 are the 2 choices to stay in
the battle} 20. Rxc4 (20. Qxb5 {then} Rxc1 21. Rxc1 {and} h6) (20. Rfd1 {would
be also interesting then} h6 {and after} 21. Qxb5 Rc7 {the only but a good move
} 22. Rxc7 Qxc7 {Black saves himself, probably White has to make a draw with}
23. Rc1 Qb8 {and Rd1 back}) 20... bxc4 21. Qxc4 {and now without the rooks
already to play} Bf7 {is much better for Black then with the rooks on the
c-file} 22. g4 {would definitely come with a lot of complications to come, and
White has great compensation.}) (19... Kf7 $5 {It seems to me now that it is
the best reply in this position.} 20. Qxb5 Rc6 21. Rxc6 bxc6 22. Qxc6 Nxe5 23.
Nxe5+ Qxe5 24. Qb7+ Kf8 $8) (19... Bf7 {would be too passive} 20. Rxc8+ Qxc8
21. Rc1 Qb8 {and now after} 22. g4 {I blundered during the game in thinking
that 0-0 is a nice defensive try} O-O (22... Ne7 {which would be the natural
reply} 23. Qb4 Nd5 {and} 24. Qd6 {is a great spot for the queen with a
fantastic position for White}) 23. Qxb5 Be8 24. gxf5 Rxf5 25. Qb3 {with
advantage for White.}) 20. Qxb5+ Kf7 21. Rxc8 Qxc8 22. Rc1 {I have another
rook to come to the c-file.} Qb8 {Logical move, not to allow White's rook to
the 7th rank.} (22... Qa8 {would lose on the spot after} 23. g4 {when} Nh6 {
then} 24. Rc7+ Kg8 25. Bxh6 gxh6 {and} 26. Qb4 {wins.}) (22... Qe8 {is not
better either:} 23. Qxb7+ Kg8 24. Rc7 h6 {and now} 25. g4 {with a winning
attack.}) (22... Qd7 {is unfortunate, but is losing on the spot as well:} 23.
Qxd7+ Nxd7 24. Rc7 $1 {and Black is losing material because on ...Ke8, Rc8+
would win the rook in the corner!} Ke8 25. Rc8+ $18) 23. g4 (23. Qb6 {would
have been another option to reach the 7th rank with the rook.}) 23... Nh6 (
23... Ne7 {was the other option for Black but it was not very tempting for him
I guess} 24. Bxe7 Kxe7 25. Qc5+ {is best of the different continuations for
White} Kf7 26. Ng5+ Kg8 {and now a beautiful touch to the attack} 27. Nxe6 $3
Nxe6 28. Qc8+ Qxc8 29. Rxc8+ {and the material advantage wins the game after ..
.Kf7, Rxh8.} Nf8 30. e6 {e7 is indefensible.}) 24. Qb4 {Looking at the
e7-square for the queen and then following the queen to the 7th rank with the
rook to c7.} Kg8 {To be honest I did not feel at all like taking the badly
placed knight at h6 but I decided that I would like to simplify the position.
25.Nd4 was extremely strong.} 25. Bxh6 gxh6 26. Qe7 {Basically continuing my
plan which I started with 24.Qb4.} Qe8 {The only move to try to kick out my
queen from e7.} 27. Qxb7 Qa4 {Looking for counter chances.} 28. b4 {It was
about time to start to push my pawns and aim to queen one of them.} Be8 {
Looking for regrouping the knight possibly to g6 and reach the long diagonal
for the bishop trying to get more active.} 29. Qe7 (29. Nd2 {with the idea to
attack the king by Ne4-f6 came seriously in consideration, which is what the
engine suggests.}) 29... Qd7 (29... Bc6 {This move would have been the logical
continuation of the previous black move} {I have planned Nd4 but the computer
suggestion is quite interesting here:} 30. h3 Bxf3 31. Rc8 Qd1+ 32. Kh2 Qh1+
33. Kg3 Qg2+ 34. Kf4 Qh2+ {unbelievable} 35. Ke3 Qxe5+ 36. Kxf3 Qd5+ 37. Kg3
Qe5+ 38. Kh4 Qg5+ 39. Qxg5+ hxg5+ 40. Kxg5 h6+ 41. Kh5 {but who can calculate
all this? Would anybody be brave enough to enter such a line when the position
is just great for White?}) 30. Rc7 {This was my main point by playing Qe7.}
Qxe7 31. Rxe7 Bc6 32. Nd4 {Finally I can bring my knight into the attack; even
though it is an endgame the black king can be easily in danger.} Bd5 33. b5 Ng6
34. Rc7 Nxe5 35. f4 {I wanted to keep my initiative, but b6 was winning and I
know that most of the people would find it more practical.} (35. b6 Nf7 36.
Rc8+ Kg7 37. Nxe6+ Kf6 38. Rxh8 Nxh8 {and} 39. Nd8 $1 {practically wins the
game, Black cannot stop b7 and then the d5-bishop has to be given for the
b-pawn. Then White has too many pawns and should win shortly.}) 35... Nf7 (
35... Ng6 36. f5 {is horrible for Black.}) 36. f5 {Still attacking.} exf5 37.
Nxf5 {It is very difficult to make a move with Black. It makes it specially
unpleasant to play this position with Black.} Be6 {the only move which enables
him to play on.} 38. b6 Bxf5 39. gxf5 Kg7 40. b7 {I have reached the 7th rank
and was looking to get my a-pawn there as well.} Rb8 {Otherwise Rc8 would win
the game.} 41. a4 Kf6 42. a5 Nd6 43. a6 {I am just in time with my pawn.} Kxf5
(43... Re8 {would lose to} 44. Rc6 Ke5 45. Rxd6 Kxd6 46. a7 {and one of the
pawns queens on the next move.}) 44. a7 Rg8+ 45. Kf2 Nxb7 46. Rxb7 {The
position is completely lost for Black.} Ra8 {I was kind of surprised that my
opponent was playing on...} 47. Ke3 {47.Kg3 and going on the kingside was a
win as well.} Ke5 48. Rxh7 Rc8 49. Kd3 Kd5 50. Rxh6 Kc5 51. Ra6 Ra8 52. h4 {I
became even more curious as to why my opponent was still playing this dead
lost position, but when I realised the trick he is playing for I forgave him:)}
Kb5 53. Ra1 Kb6 54. Kc4 (54. Kc4 {for practical reasons this was the best} Kb7
55. Kb5 Rh8 (55... Rxa7 56. Rxa7+ Kxa7 57. h5 {White queens the pawn in the
next 3 moves}) (55... Kc7 56. Ka6 Rh8 57. Rc1+ Kd6 58. Kb7 {now white queens
on the other side the pawn}) 56. a8=Q+) ({and here if I were to go h5 the
trick would be ...} 54. h5 Kb7 55. h6 Rd8+ 56. Ke4 Ka8 57. h7 $4 {wow I would
just make a draw after} (57. Rb1) 57... Rh8 58. Rh1 {...and} Rxh7 $3 59. Rxh7 {
with stalemate, but 57.Rb1 for example leave the a7-pawn to be taken and White
would queen the h-pawn.}) 1-0

[Event "EU-ch 12th"]
[Site "Aix-les-Bains"]
[Date "2011.04.02"]
[Round "11"]
[White "Potkin, Vladimir"]
[Black "Polgar, Judit"]
[Result "1/2-1/2"]
[WhiteElo "2653"]
[BlackElo "2686"]
[PlyCount "23"]
[EventDate "2011.03.22"]
[EventType "swiss"]
[EventRounds "11"]
[EventCountry "FRA"]
[Source "ChessBase"]
[SourceDate "2011.05.17"]
[TimeControl "40/5400+30:1800+30"]

1. d4 Nf6 2. c4 e6 3. Nc3 Bb4 4. e3 O-O 5. Bd3 d5 6. Nf3 c5 7. O-O dxc4 8. Bxc4
b6 9. a3 Bxc3 10. bxc3 Bb7 11. Bb2 Nbd7 12. Qe2 1/2-1/2

[Event "EU-ch blitz"]
[Site "Warsaw"]
[Date "2011.12.16"]
[Round "5"]
[White "Fedorov, Alexei"]
[Black "Polgar, Judit"]
[Result "1-0"]
[WhiteElo "2579"]
[BlackElo "2710"]
[PlyCount "71"]
[EventDate "2011.12.16"]
[EventType "swiss (blitz)"]
[EventRounds "13"]
[EventCountry "POL"]
[Source "ChessBase"]
[SourceDate "2012.01.03"]

1. e4 c5 2. d3 Nc6 3. g3 g6 4. Bg2 Bg7 5. f4 h5 6. h3 e5 7. Nf3 exf4 8. Bxf4
Bxb2 9. Nbd2 Nge7 10. O-O d5 11. Rb1 Bg7 12. c4 dxc4 13. Nxc4 O-O 14. Bd6 b6
15. e5 Bb7 16. Ng5 Qe8 17. Ne4 Nd8 18. Nf6+ Bxf6 19. exf6 Nd5 20. Qd2 Kh7 21.
Rbe1 Ne6 22. Re5 Rh8 23. Bxd5 Bxd5 24. Rxd5 Qc6 25. Qg2 Rac8 26. Ne5 Qb7 27.
Be7 c4 28. dxc4 b5 29. c5 Kg8 30. Rd7 Qa6 31. Bd6 Rh7 32. Qd5 Qa3 33. Kg2 h4
34. Nxf7 Rxf7 35. Qxe6 Rcf8 36. Rxf7 1-0

[Event "HUN-POL m"]
[Site "Budapest"]
[Date "2014.06.09"]
[Round "2.5"]
[White "Polgar, Judit"]
[Black "Wojtaszek, Radoslaw"]
[Result "1/2-1/2"]
[WhiteElo "2685"]
[BlackElo "2715"]
[PlyCount "172"]
[EventDate "2014.06.08"]
[EventType "schev"]
[EventRounds "6"]
[EventCountry "HUN"]
[Source "ChessBase"]
[SourceDate "2014.07.16"]
[WhiteTeam "Hungary"]
[BlackTeam "Poland"]
[WhiteTeamCountry "HUN"]
[BlackTeamCountry "POL"]

1. e4 c5 2. Nf3 d6 3. Bb5+ Nd7 4. c3 Ngf6 5. Qe2 a6 6. Ba4 b5 7. Bc2 e6 8. d4
Bb7 9. O-O Be7 10. a4 O-O 11. Re1 Qb6 12. Nbd2 cxd4 13. cxd4 Rfc8 14. Bd3 Nf8
15. a5 Qd8 16. Nb3 Rc7 17. Bg5 Ng6 18. Nfd2 Nd7 19. Be3 Bg5 20. g3 Bxe3 21.
Qxe3 Ne7 22. Bf1 Nc6 23. Rec1 Rac8 24. Rc3 h6 25. Bh3 Nb4 26. Rac1 Na2 27. Rxc7
Rxc7 28. Rxc7 Qxc7 29. f3 Nc1 30. Bf1 Nxb3 31. Nxb3 Qc2 32. Qc3 Qxc3 33. bxc3
Kf8 34. Kf2 Ke7 35. Ke3 f5 36. exf5 exf5 37. c4 bxc4 38. Bxc4 Nf6 39. Nc1 Nd5+
40. Bxd5 Bxd5 41. Nd3 Bc4 42. Nb4 Kf6 43. f4 Ke6 44. Kd2 Bb5 45. d5+ Kf6 46.
Ke3 Bc4 47. Kd4 Bb5 48. Nc6 Bf1 49. Na7 Ke7 50. Ke3 Bg2 51. Nc8+ Kd7 52. Nb6+
Ke7 53. Ke2 Be4 54. Kd2 Bg2 55. Kc3 Bf1 56. Nc8+ Kd7 57. Na7 Ke7 58. Kd4 Be2
59. Nc6+ Kf6 60. Nd8 Ke7 61. Ne6 Kf6 62. Kc3 Bf1 63. Kb4 Bd3 64. Kc3 Bf1 65.
Nd8 Ke7 66. Nc6+ Kf6 67. Kd4 Be2 68. Nb4 Bb5 69. Nc2 Be2 70. Ne3 Bb5 71. Kc3
Be2 72. Kd2 Bf3 73. Ke1 Be4 74. Kf2 Bd3 75. Kf3 Be4+ 76. Ke2 Ke7 77. Kd2 Kf6
78. Kc3 Bf3 79. Kd3 Be4+ 80. Kd4 Bf3 81. Nc4 Ke7 82. Ne3 Kf6 83. Nc4 Ke7 84.
Ne3 Kf6 85. h3 Be4 86. g4 g6 1/2-1/2

[Event "Wch Rapid"]
[Site "Dubai"]
[Date "2014.06.17"]
[Round "7"]
[White "Polgar, Judit"]
[Black "Wojtaszek, Radoslaw"]
[Result "1/2-1/2"]
[WhiteElo "2685"]
[BlackElo "2715"]
[PlyCount "102"]
[EventDate "2014.06.16"]
[EventType "swiss (rapid)"]
[EventRounds "15"]
[EventCountry "UAE"]
[Source "ChessBase"]
[SourceDate "2014.07.01"]

1. e4 c5 2. Nf3 d6 3. Bb5+ Nd7 4. c3 Ngf6 5. Qe2 a6 6. Ba4 b5 7. Bc2 e6 8. O-O
Bb7 9. a4 Be7 10. d4 O-O 11. Re1 Qb6 12. e5 Nd5 13. Nbd2 cxd4 14. cxd4 dxe5 15.
dxe5 Nf4 16. Qf1 Rac8 17. Be4 Nc5 18. Bxb7 Qxb7 19. axb5 axb5 20. Ne4 Nd5 21.
Nxc5 Rxc5 22. Bd2 h6 23. Ra5 Ra8 24. Rxa8+ Qxa8 25. Rc1 Qa4 26. h3 Qb3 27. Rxc5
Bxc5 28. Qc1 Bf8 29. Kh2 Qd3 30. Be3 Nxe3 31. Qxe3 Qc2 32. Qd4 Bc5 33. Qd8+ Bf8
34. Qd4 b4 35. Ne1 Qe2 36. Nd3 b3 37. Qc4 Qd1 38. Qc3 Be7 39. Qc8+ Kh7 40. Qc4
g6 41. g3 Kg7 42. Kg2 Bd8 43. h4 h5 44. Qe4 Bb6 45. Qf3 Qc2 46. Qe4 Qd2 47. Qc4
Qd1 48. Qe4 Qc2 49. Qf3 Qd2 50. Qe4 Qc2 51. Qf3 Qd2 1/2-1/2

[Event "Wch Blitz"]
[Site "Dubai"]
[Date "2014.06.19"]
[Round "2"]
[White "Polgar, Judit"]
[Black "Taleb, Moussa"]
[Result "1-0"]
[WhiteElo "2685"]
[BlackElo "2406"]
[PlyCount "75"]
[EventDate "2014.06.19"]
[EventType "swiss (blitz)"]
[EventRounds "21"]
[EventCountry "UAE"]
[Source "ChessBase"]
[SourceDate "2014.07.01"]

1. e4 c5 2. Nf3 Nc6 3. Bb5 g6 4. O-O Bg7 5. c3 Nf6 6. Re1 O-O 7. d4 cxd4 8.
cxd4 d6 9. h3 a6 10. Bxc6 bxc6 11. Nc3 a5 12. b3 Nd7 13. Bg5 Nb6 14. Qd2 a4 15.
Bh6 axb3 16. axb3 Be6 17. Bxg7 Kxg7 18. Rxa8 Nxa8 19. d5 Bd7 20. h4 c5 21. h5
Bg4 22. h6+ Kg8 23. Nh2 Bd7 24. f4 Qb6 25. Nf3 c4+ 26. Nd4 cxb3 27. Rb1 Qc5 28.
Rxb3 Nb6 29. Nce2 Bg4 30. Kh2 Bxe2 31. Nxe2 Qf2 32. Qb2 f6 33. Rf3 Qh4+ 34. Rh3
Qf2 35. Rg3 Nc4 36. Qb7 Qxe2 37. Qxe7 Qh5+ 38. Rh3 1-0

[Event "Wch Blitz"]
[Site "Dubai"]
[Date "2014.06.19"]
[Round "6"]
[White "Polgar, Judit"]
[Black "Wojtaszek, Radoslaw"]
[Result "1-0"]
[WhiteElo "2685"]
[BlackElo "2715"]
[PlyCount "135"]
[EventDate "2014.06.19"]
[EventType "swiss (blitz)"]
[EventRounds "21"]
[EventCountry "UAE"]
[Source "ChessBase"]
[SourceDate "2014.07.01"]

1. e4 c5 2. Nf3 d6 3. Bb5+ Nd7 4. c3 Ngf6 5. Qe2 a6 6. Ba4 b5 7. Bc2 Bb7 8. O-O
g6 9. d4 Bg7 10. Re1 cxd4 11. cxd4 O-O 12. a3 Rc8 13. Nc3 Nb6 14. Bb3 Qd7 15.
e5 dxe5 16. Nxe5 Qe8 17. Bg5 Nfd5 18. Nxd5 Bxd5 19. Bxd5 Nxd5 20. Qf3 Qd8 21.
Ng4 Qd7 22. Rad1 Rc2 23. Nh6+ Bxh6 24. Bxh6 Rfc8 25. Re5 Nf6 26. Rde1 Ng4 27.
Rd5 Qc6 28. Bg5 e6 29. Rc5 Rxc5 30. dxc5 Qxf3 31. gxf3 f6 32. fxg4 fxg5 33. b4
Kf7 34. Rd1 Rc6 35. Rd7+ Kf6 36. Kg2 Ke5 37. Kf3 h5 38. h3 h4 39. Ke3 a5 40.
Rb7 axb4 41. axb4 Ra6 42. Rd7 Ra3+ 43. Rd3 Ra4 44. Rc3 Kd5 45. c6 Ra8 46. c7
Rc8 47. Rc5+ Kd6 48. Ke4 Kd7 49. Ke5 Ke7 50. Rc3 Kd7 51. Rc2 Ke7 52. Rc5 Kd7
53. Kf6 Rf8+ 54. Kxg6 Kc8 55. Kxg5 Rxf2 56. Kxh4 Rf4 57. Rxb5 Kxc7 58. Kg5 Rf8
59. h4 Rg8+ 60. Kf4 Kd6 61. h5 Rf8+ 62. Ke4 Rc8 63. h6 Rc4+ 64. Kf3 Rc3+ 65.
Kg2 Rc2+ 66. Kg3 Rc3+ 67. Kh4 Rc1 68. Rh5 1-0